[Event "Remote S7E Basic-65 email"]
[Site "Remote email"]
[Date "2013.05.15"]
[Round "?"]
[White "Wagner, Stefan"]
[Black "Gottwald, Bernhard"]
[Result "0-1"]
[WhiteElo "2044"]
[BlackElo "1803"]
[PlyCount "104"]
[EventDate "2013.??.??"]
[EventType "tourn (corr)"]
[EventRounds "6"]
[EventCountry "GER"]
[SourceTitle "Corr 2015"]
[Source "ChessBase"]
[SourceDate "2015.07.17"]
[SourceVersion "1"]
[SourceVersionDate "2015.07.17"]
[SourceQuality "1"]

1. d4 Nf6 2. c4 e6 3. Nc3 Bb4 4. Nf3 c5 5. a3 Bxc3+ 6. bxc3 0-0 7. Bg5 h6 8. Bh4 g5 9. Bg3 Ne4 10. Qc2 Nxg3 11. hxg3 Qf6 12. e4 d5 13. e5 Qg7 14. cxd5 exd5 15. Bd3 Re8 16. 0-0 c4 17. Be2 Nc6 18. Rfe1 Ne7 19. Nh2 Bf5 20. Qb2 Rab8 21. Bg4 Qg6 22. Qe2 Bd3 23. Qd2 h5 24. Be2 g4 25. Nf1 Rbd8 26. Ne3 Kh8 27. Rad1 Be4 28. a4 Nc6 29. Qb2 Re7 30. Rd2 Na5 31. Qb4 Nc6 32. Qa3 Rde8 33. a5 f6 34. exf6 Qxf6 35. Qc5 Qe6 36. f3 gxf3 37. gxf3 Bf5 38. Nxf5 Qxf5 39. Kg2 h4 40. Qd6 Qg5 41. Ra2 Re6 42. Qf4 Qxg3+ 43. Qxg3 hxg3 44. Kxg3 Rh6 45. Kf2 Rg8 46. Ke3 Re8+ 47. Kd2 Rhe6 48. Rh1+ Kg7 49. Ke1 Nxa5 50. Kf2 Nb3 51. Rxa7 Rxe2+ 52. Kg3 R8e7 0-1

[Event "Remote email"]
[Site "Remote email"]
[Date "2013.04.22"]
[Round "?"]
[White "Gartler, Andreas"]
[Black "Wagner, Stefan"]
[Result "0-1"]
[WhiteElo "1534"]
[BlackElo "2071"]
[PlyCount "54"]
[EventDate "2013.??.??"]
[EventType "tourn (corr)"]
[EventRounds "6"]
[EventCountry "GER"]
[SourceTitle "Corr 2015"]
[Source "ChessBase"]
[SourceDate "2015.07.17"]
[SourceVersion "1"]
[SourceVersionDate "2015.07.17"]
[SourceQuality "1"]

1. d4 e6 2. Nf3 c5 3. Nc3 d5 4. Bf4 a6 5. e3 Nc6 6. Bd3 Nf6 7. dxc5 Bxc5 8. e4 d4 9. Ne2 h6 10. c3 dxc3 11. bxc3 0-0 12. e5 Nd5 13. Qd2 Nxf4 14. Nxf4 b5 15. Qe3 Bxe3 16. fxe3 Qc7 17. Rb1 Nxe5 18. Be4 Nxf3+ 19. gxf3 Qxc3+ 20. Ke2 Rb8 21. Rbc1 Qe5 22. Bc6 Qb2+ 23. Ke1 Qxc1+ 24. Kf2 Qxh1 25. Ke2 Rd8 26. e4 Qxh2+ 27. Ke3 Qd2# 0-1

[Event "Remote S7E Basic email"]
[Site "Remote email"]
[Date "2013.03.27"]
[Round "?"]
[White "Wagner, Stefan"]
[Black "Wiedmann, Jochen"]
[Result "0-1"]
[WhiteElo "2071"]
[BlackElo "2064"]
[PlyCount "82"]
[EventDate "2013.??.??"]
[EventType "tourn (corr)"]
[EventRounds "6"]
[EventCountry "GER"]
[SourceTitle "Corr 2015"]
[Source "ChessBase"]
[SourceDate "2015.07.17"]
[SourceVersion "1"]
[SourceVersionDate "2015.07.17"]
[SourceQuality "1"]

1. d4 e6 2. c4 c5 3. d5 d6 4. e4 Nf6 5. Nc3 Be7 6. Nf3 e5 7. Bg5 Bg4 8. Be2 Nbd7 9. 0-0 0-0 10. Re1 Rb8 11. h3 Bh5 12. Qc2 Bg6 13. a3 Nxd5 14. Bxe7 Nxe7 15. Nh4 Nc6 16. Nf3 Nd4 17. Nxd4 cxd4 18. Nd5 Rc8 19. Bg4 b5 20. b3 Rc5 21. Qe2 bxc4 22. bxc4 Nf6 23. Nxf6+ Qxf6 24. Rab1 Qe7 25. Rb4 Qc7 26. Rc1 a5 27. Rb2 h6 28. a4 Qc6 29. Rb5 Qxe4 30. Rb6 Qxe2 31. Bxe2 Rd8 32. Rb5 d3 33. Bd1 Rdc8 34. Bb3 d5 35. Rxc5 Rxc5 36. Kf1 d2 37. Rc3 dxc4 38. Bd1 Bd3+ 39. Kg1 Rc8 40. f3 Rb8 41. Kf2 Rb1 0-1

[Event "OP-2013-0-02600"]
[Site "LSS email"]
[Date "2013.01.21"]
[Round "?"]
[White "Wagner, Stefan"]
[Black "Ershov, Gennady"]
[Result "0-1"]
[WhiteElo "800"]
[BlackElo "1298"]
[PlyCount "50"]
[EventDate "2013.01.18"]
[EventType "tourn (corr)"]
[EventRounds "4"]
[EventCountry "GER"]
[SourceTitle "Telechess CBM 159"]
[Source "ChessBase"]
[SourceDate "2014.03.17"]
[SourceVersion "1"]
[SourceVersionDate "2014.03.17"]
[SourceQuality "1"]

1. e4 c5 2. Nf3 e6 3. Nc3 Nc6 4. d4 cxd4 5. Nxd4 Nf6 6. Bg5 Be7 7. g3 0-0 8. Bg2 d6 9. 0-0 Qb6 10. Nxc6 bxc6 11. b3 Bb7 12. Na4 Qc7 13. c4 h6 14. Be3 Nd7 15. f4 c5 16. f5 exf5 17. exf5 Bf6 18. Rb1 Rfe8 19. Bf4 Bd4+ 20. Kh1 Bxg2+ 21. Kxg2 Qc6+ 22. Rf3 Ne5 23. Bxe5 Rxe5 24. b4 Rae8 25. bxc5 Re2+ 0-1